Finite mathematics : An applied approach

This book is divided into three independent parts: Linear algebra, Probability, and Discrete mathematics.

保存先:
書誌詳細
第一著者: Mizrahi, Abe
フォーマット: 図書
言語:Undetermined
出版事項: New York John Wiley & Sons 2000
主題:
タグ: タグ追加
タグなし, このレコードへの初めてのタグを付けませんか!
Thư viện lưu trữ: Trung tâm Học liệu Trường Đại học Cần Thơ
LEADER 00710nam a2200229Ia 4500
001 CTU_42419
008 210402s9999 xx 000 0 und d
020 |b 374.000đ 
082 |a 519 
082 |b M685 
100 |a Mizrahi, Abe 
245 0 |a Finite mathematics : 
245 3 |b An applied approach 
245 0 |c Abe Mizrahi, Michael Sullivan 
260 |a New York 
260 |b John Wiley & Sons 
260 |c 2000 
520 |a This book is divided into three independent parts: Linear algebra, Probability, and Discrete mathematics. 
650 |a Business mathematics,Social science 
650 |x Mathematics 
904 |i Minh, 010723 
980 |a Trung tâm Học liệu Trường Đại học Cần Thơ